Borreguita y el coyote : un cuento de Ayutla, Mexico. (Record no. 21796)

MARC details
000 -LEADER
fixed length control field 01093nam a22003491 4500
001 - CONTROL NUMBER
control field sjds215772
003 - CONTROL NUMBER IDENTIFIER
control field sjds
005 - DATE AND TIME OF LATEST TRANSACTION
control field 20190115181356.0
008 - FIXED-LENGTH DATA ELEMENTS--GENERAL INFORMATION
fixed length control field 150119t19931993||||||||||||||||| |||||||
020 ## - INTERNATIONAL STANDARD BOOK NUMBER
International Standard Book Number 0590474278 (pbk.) :
020 ## - INTERNATIONAL STANDARD BOOK NUMBER
International Standard Book Number 9780590474276 (pbk.)
040 ## - CATALOGING SOURCE
Modifying agency UtOrBLW
Transcribing agency sjds
041 ## - LANGUAGE CODE
Language code of text/sound track or separate title spa
099 ## - LOCAL FREE-TEXT CALL NUMBER (OCLC)
Classification number SPA E AAR
999 ## - SYSTEM CONTROL NUMBERS (KOHA)
Koha Dewey Subclass [OBSOLETE] SPA E AAR
100 1# - MAIN ENTRY--PERSONAL NAME
Personal name Aardema, Verna.
245 10 - TITLE STATEMENT
Title Borreguita y el coyote : un cuento de Ayutla, Mexico.
260 ## - PUBLICATION, DISTRIBUTION, ETC. (IMPRINT)
Place of publication, distribution, etc. New York :
Name of publisher, distributor, etc. Scholastic Inc. :
Date of publication, distribution, etc. c1993
264 #1 - PRODUCTION, PUBLICATION, DISTRIBUTION, MANUFACTURE, AND COPYRIGHT NOTICE
Place of production, publication, distribution, manufacture New York :
Name of producer, publisher, distributor, manufacturer Scholastic Inc. :
Date of production, publication, distribution, manufacture, or copyright notice [1993]
264 #4 - PRODUCTION, PUBLICATION, DISTRIBUTION, MANUFACTURE, AND COPYRIGHT NOTICE
Date of production, publication, distribution, manufacture, or copyright notice c1993
300 ## - PHYSICAL DESCRIPTION
Extent 29 pages : color illustrations ;
Dimensions 21 cm
336 ## - CONTENT TYPE
Content type term text
Content type code txt
Source rdacontent
337 ## - MEDIA TYPE
Media type term unmediated
Media type code n
Source rdamedia
338 ## - CARRIER TYPE
Carrier type term volume
Carrier type code nc
Source rdacarrier
500 ## - GENERAL NOTE
General note Reading Rainbow book.
650 #0 - SUBJECT ADDED ENTRY--TOPICAL TERM
Topical term or geographic name as entry element Folklore
Geographic subdivision Mexico
Form subdivision Juvenile literature.
650 #0 - SUBJECT ADDED ENTRY--TOPICAL TERM
Topical term or geographic name as entry element Spanish language materials
Form subdivision Juvenile literature.
655 #7 - INDEX TERM--GENRE/FORM
Genre/form data or focus term Reading Rainbow book.
Source of term local
700 1# - ADDED ENTRY--PERSONAL NAME
Personal name Mathers, Petra.
740 0# - ADDED ENTRY--UNCONTROLLED RELATED/ANALYTICAL TITLE
Uncontrolled related/analytical title Borreguita and the coyote : a tale from Ayutla, Mexico. Spanish.
942 ## - ADDED ENTRY ELEMENTS (KOHA)
Koha item type Libro/Book
Holdings
Withdrawn status Lost status Source of classification or shelving scheme Damaged status Not for loan Home library Current library Date acquired Total Checkouts Barcode Date last seen Date checked out Price effective from Koha item type
    Dewey Decimal Classification     Genizero -- Satellite Genizero -- Satellite 15/04/2019 1 35600923 02/06/2021 03/03/2021 15/04/2019 Libro/Book

Powered by Koha